| 000 | 00871nam0a22002531 4500 | ||
|---|---|---|---|
| 001 | rc\742841 | ||
| 005 | 20250622114804.0 | ||
| 035 | _a(NLR Aleph) 006272051 | ||
| 090 |
_a6959921 _c6959921 |
||
| 100 | _a20040301d1985 |||y0rusy50 ca | ||
| 101 | 0 | _arus | |
| 102 | _aRU | ||
| 105 | _aa ||||||||| | ||
| 200 | 1 |
_aАрхитектура высокопроизводительных вычислительных систем _fПеревод с англ. В.М. Амочкина, А.С. Миркотан |
|
| 210 |
_aМ. _cНаука _d1985 |
||
| 215 |
_a272 с. _cил. _d22 |
||
| 300 | _aПеревод изд.: Large scale computer architecture / Kenneth J. Thurber (1976) | ||
| 320 | _aБиблиогр.: с. 264-272 | ||
| 700 | 1 |
_aТербер _bК.Д. |
|
| 801 | 0 |
_aRU _bNLR _gpsbo |
|
| 801 | 1 |
_aRU _bELAR _2rusmarc |
|
| 852 |
_aNLR _j86-5/2395 |
||
| 942 | _cBOOK | ||
| 980 | _aNB | ||